| 000 | 00545nam a2200229Ia 4500 | ||
|---|---|---|---|
| 005 | 20250425161912.0 | ||
| 008 | 250425s9999 xx 000 0 und d | ||
| 041 | _aspa | ||
| 082 | _a639.543 | ||
| 100 | _aCENAIM, ESPOL | ||
| 245 | 0 | _aLIBRO BLANCO DEL CAMARON | |
| 250 | _a1A ED. | ||
| 260 |
_aEcuador _bCAMARA DE PRODUCTORES DE CAMARON _c1989 |
||
| 260 |
_aGUAYAQUIL _bEGUAGRAF S.A |
||
| 300 | _a79 | ||
| 650 | _aCAMARONES | ||
| 650 | _aCAMARONES | ||
| 650 | _aCAMARONES | ||
| 650 | _aCAMARONES | ||
| 942 | _c01 | ||
| 010 | _a34315 | ||
| 999 |
_c218489 _d218489 |
||